000 00663nam a2200229 i 4500
001 bg
100 1 _aBURDZY, Janina
245 1 0 _aRachunek prawdopodobieństwa /
_cJanina Burdzy, Barbara Kowal ; Politechnika Lubelska.
260 _aLublin :
_bWydawnictwa Uczelniane PL,
_c1996.
300 _a233 s. :
_brys., wykr. ;
_c24 cm.
504 _aBibliogr. s. 209-210.
650 9 _aRachunek prawdopodobieństwa
655 _aPodręczniki akademickie
700 1 _aKOWAL, Barbara
020 _a8386333944
040 _cBPK
041 0 _apl
080 _a519.2(075.8)
920 _a83-86333-94-4
942 _cKS
008 s pl f |000 0 pol
999 _c31594
_d31594
856 _uhttp://koha.tu.koszalin.pl/cgi-bin/koha/opac-detail.pl?biblionumber=31594
_yKatalog online BPK